000 01165nam0a22002651 4500
001 rc\297007
005 20260407085130.0
035 _a(NLR Aleph) 005529519
090 _a5594381
_c5594381
100 _a20030307d1990 |||y0rusy50 ca
101 0 _arus
102 _aRU
105 _aa |||||||||
200 1 _aОПРЕДЕЛЕНИЕ гранулометрического состава минерального сырья и продуктов обогащения
_f[Исполн. Р.В. Казакова]
210 _aМ.
_cВИМС
_d1990
215 _a13 с.
_cграф.
_d20
225 1 _aМетодические указания
_fМ-во геологии СССР, ВНИИ минер. сырья им. Н.М. Федоровского (ВИМС). Науч. совет по методам технол. исслед.
_v№ 53
320 _aБиблиогр.: с. 13
702 1 _aКазакова
_bР.В.
_4570
712 0 2 _aВНИИ минерального сырья им. Н. М. Федоровского
_3RU\NLR\AUTH\8813013
_9298963
801 0 _aRU
_bNLR
_gpsbo
801 1 _aRU
_bELAR
_2rusmarc
852 _aNLR
_j91-4/1285
942 _cBOOK
980 _aNB